| 000 | 00759nam a22002531 4500 | ||
|---|---|---|---|
| 001 | 16031 | ||
| 003 | BD-RjUL | ||
| 005 | 20211208235934.0 | ||
| 008 | 140211r19671961ilua b 001 0 eng | ||
| 035 | _a(BD-RjUL)16086 | ||
| 040 |
_aDLC _cDLC _dDLC _dBD-RjUL _beng |
||
| 041 | _aeng | ||
| 082 | 0 | 0 |
_a331 _bWHM |
| 100 | 1 |
_aWhyte, William Foote, _d1914- _99128 |
|
| 245 | 1 | 0 |
_aMen at work / _cWilliam Foote Whyte |
| 260 |
_aHomewood, Ill. : _bDorsey Press, _c1961 [reprinted 1967] |
||
| 300 |
_a593 p. : _billus. ; _c24 cm. |
||
| 490 | 0 | _aThe Irwin-Dorsey series in behavioral science in business | |
| 504 | _aIncludes bibliography and index. | ||
| 650 | 0 |
_aIndustrial sociology. _949642 |
|
| 942 |
_2ddc _cBK |
||
| 999 |
_c16031 _d16031 |
||